| 000 | 00362 a2200157 4500 | ||
|---|---|---|---|
| 001 | 165022 | ||
| 020 | _a | ||
| 040 | _cMagnum | ||
| 100 | _aXavier, Maria Elizabete | ||
| 240 | 1 | 0 |
_aHistoria da educacao: a escola no brasil _lpor |
| 245 | 1 | 0 | _aHistoria da educacao: a escola no brasil |
| 362 | 0 | _a1899 | |
| 440 | 1 | _aFTD | |
| 697 | _aPEDAGOGIA | ||
| 942 | _cBK | ||
| 999 |
_c165022 _d165022 |
||